000 00421nam a2200157 i 4500
001 70704
003 ES-MaACL
005 20230906170908.0
007 t|
008 040802s1969 sp ||||1| spa d
100 1 _aGarmendia, A. Demetrio.
_955576
245 1 0 _aArantzazu /
_cA. Demetrio Garmendia.
260 _aArantzazu :
_bFranciskotar,
_c1969.
300 _a118 p. ;
_c16 cm.
852 _aES-MaACL
_jC-36564
_bR.70734
999 _c70704
_d70704